| 000 | 00710nam a2200229 a 4500 | ||
|---|---|---|---|
| 001 | 50110 | ||
| 003 | BD-RjUL | ||
| 005 | 20211209075447.0 | ||
| 008 | 160823s1979 ii b 000 0 eng | ||
| 035 | _a(BD-RjUL)50230 | ||
| 040 |
_aBD-RjUL _cDLC _dBD-RjUL _beng |
||
| 041 | _aeng | ||
| 082 |
_222 _a307.12954 _bAGR 1979 |
||
| 100 | 1 |
_aAggarwal, M. R. _q(Mangat Ram), _9150176 |
|
| 245 | 1 | 0 |
_aRegional economic co-operation in South Asia / _cM.R. Aggarwal. |
| 260 |
_aNew Delhi : _bS. Chand & Company Ltd, _c1979. |
||
| 300 |
_axii, 155 p. ; _c22 cm. |
||
| 500 | _aIncludes index. | ||
| 650 | 0 |
_aRegional planning _zSouth Asia. _9134718 |
|
| 651 | 0 |
_aSouth Asia _xEconomic integration. _9150177 |
|
| 942 |
_2ddc _cBK |
||
| 999 |
_c50110 _d50110 |
||